000
00408nam a22001697a 4500
003
MPLRDC
005
20220104114601.0
008
210129b ||||| |||| 00| 0 eng d
082
_a
848.2 LHYb-5
100
_a
林海音著
245
_a
孟珠的旅程
_c
250
_a
一版一刷
260
_a
_b
中国友谊出版公司
_c
1985
300
_b
平
650
_a
现代别集
942
_c
BK
_o
848.2 LHYb-5
999
_c
8624
_d
8614